Jak rozvíjet marketing

Marketing ako pragmatická veda, ktorá má okrem iného ponúkať nové riešenie problémov - ako konkurovať ináč, než len prostredníctvom ceny a kvality. Marketing potrebuje zmenu. Chyby v marketingu. Nové výzvy a paradigmy. Impulzy pre rozvoj marketingu a nové kvality myslenia.

Guardado en:
Detalles Bibliográficos
Autor principal: Jemala, Ľubomír
Formato: Capítulo de libro
Lenguaje:checo
Materias:
Etiquetas: Agregar Etiqueta
Sin Etiquetas, Sea el primero en etiquetar este registro!

MARC

LEADER 00000naa$a2200000$$$4500
001 0080242
005 20231128140016.2
041 0 |a cze 
044 |a CZ 
245 1 0 |a Jak rozvíjet marketing  |c Ľubomír Jemala 
520 |a Marketing ako pragmatická veda, ktorá má okrem iného ponúkať nové riešenie problémov - ako konkurovať ináč, než len prostredníctvom ceny a kvality. Marketing potrebuje zmenu. Chyby v marketingu. Nové výzvy a paradigmy. Impulzy pre rozvoj marketingu a nové kvality myslenia. 
610 2 0 |a marketing 
610 2 0 |a konkurencia 
610 2 0 |a manažment 
610 2 0 |a stratégia marketingová 
610 2 0 |a zákazníci 
610 2 0 |a trh 
610 2 0 |a výskum trhu 
100 1 |a Jemala, Ľubomír